| 000 | 00633nam a2200157 4500 | ||
|---|---|---|---|
| 999 |
_c16496 _d16496 |
||
| 008 | 220207b ||||| |||| 00| 0 eng d | ||
| 022 | _a0893-8989 | ||
| 082 | _aDPer 363.205 P75 Sept 2013-May 2016 v. 37 & 40, n. 9-11/1-5 | ||
| 100 |
_aRutledge, Devallis. _943947 |
||
| 245 |
_aOverlooked legal nuggets: _b10 little-noticed "good news" rulings you can use to your advantage/ _cDevallis Rutledge. |
||
| 260 |
_aCalifornia: _bBobit Business Media, _c©Sept 2013-May 2016. |
||
| 300 |
_av40 n6, pages 64-67; _billustrations: _c27 cm. |
||
| 500 | _aPolice: the law enforcement. | ||
| 650 |
_aLaw enforcement. _943972 |
||
| 942 |
_2ddc _cPER |
||